Automatic control systems (Record no. 12038)

000 -LEADER
fixed length control field 00559nam a22001937a 4500
008 - FIXED-LENGTH DATA ELEMENTS--GENERAL INFORMATION
fixed length control field 220228b 2013 ||||| |||| 00| 0 eng d
020 ## - INTERNATIONAL STANDARD BOOK NUMBER
International Standard Book Number 9788126534401
082 ## - DEWEY DECIMAL CLASSIFICATION NUMBER
Classification number 629.83
Item number GOL
100 ## - MAIN ENTRY--PERSONAL NAME
Personal name Golnaraghi, Farid
245 ## - TITLE STATEMENT
Title Automatic control systems
260 ## - PUBLICATION, DISTRIBUTION, ETC. (IMPRINT)
Place of publication, distribution, etc New Delhi
Name of publisher, distributor, etc Wiley India Pvt. Ltd
Date of publication, distribution, etc 2013
300 ## - PHYSICAL DESCRIPTION
Extent xvi, 826p.
650 ## - SUBJECT ADDED ENTRY--TOPICAL TERM
Topical term or geographic name as entry element Mathematical Foundation
650 ## - SUBJECT ADDED ENTRY--TOPICAL TERM
Topical term or geographic name as entry element Block Diagrams and Signal-Flow Graphs
650 ## - SUBJECT ADDED ENTRY--TOPICAL TERM
Topical term or geographic name as entry element The Control Lab
700 ## - ADDED ENTRY--PERSONAL NAME
Personal name Kuo, Benjamin C.
Relator term Co-author
700 ## - ADDED ENTRY--PERSONAL NAME
Personal name Sridhar, Kunche
Relator term Co-author
942 ## - ADDED ENTRY ELEMENTS (KOHA)
Item type Books
Holdings
Withdrawn status Lost status Source of classification or shelving scheme Damaged status Not for loan Collection code Permanent location Current location Shelving location Date acquired Full call number Barcode Date last seen Koha item type Public note
          Reference IMU-MPC Library IMU-MPC Library General Stacks 2022-02-28 629.83 GOL MPC6537 2025-03-17 Books Column-2
Copyright © 2021 Indian Maritime University, Mumbai Port Campus. All Rights Reserved. Managed & Maintained by Central Library, IMU-Mumbai

webs counters

Powered by Koha